| 000 | 00489nam a2200169 i 4500 | ||
|---|---|---|---|
| 001 | 62633 | ||
| 003 | ES-MaACL | ||
| 005 | 20251005063044.0 | ||
| 007 | t| | ||
| 008 | 031124s1963 sp ||||1| spa d | ||
| 100 | 1 |
_aFernández Arbós, Enrique, _d1863-1939 _949467 |
|
| 245 | 1 | 0 |
_aArbós / _cEnrique Fernández Arbós. |
| 260 |
_aMadrid : _bCid, _c[1963] |
||
| 300 |
_aXXIV, 538 p., 8 lám. : _bil. ; _c21 cm. |
||
| 852 |
_aES-MaACL _jC-24518 _bR.53289 |
||
| 999 |
_c62633 _d62633 |
||